RAEM is my call-sign / (Record no. 63880)
[ view plain ]
| 000 -LEADER | |
|---|---|
| fixed length control field | 00876nam a2200277 a 4500 |
| 001 - CONTROL NUMBER | |
| control field | 63880 |
| 003 - CONTROL NUMBER IDENTIFIER | |
| rucl marc code | BD-RjUL |
| 005 - DATE AND TIME OF LATEST TRANSACTION | |
| control field | 20211209081241.0 |
| 008 - FIXED-LENGTH DATA ELEMENTS--GENERAL INFORMATION | |
| fixed length control field | 170205s1978 ruracf 00010aeng d |
| 035 ## - SYSTEM CONTROL NUMBER | |
| System control number | (BD-RjUL)64010 |
| System control number | 1346120 |
| 040 ## - CATALOGING SOURCE | |
| Original cataloging agency | ANL |
| Language of cataloging | eng |
| Modifying agency | ANL |
| Transcribing agency | BD-RjUL |
| 041 1# - LANGUAGE CODE | |
| Language code of text/sound track or separate title | engrus |
| 082 00 - DEWEY DECIMAL CLASSIFICATION NUMBER | |
| Classification number | 919.804 |
| Author mark and year | KRR 1978 |
| 100 1# - MAIN ENTRY--PERSONAL NAME | |
| Personal name | Krenkel, Ernst Teodorovich, |
| Dates associated with a name | 1903- |
| 9 (RLIN) | 189671 |
| 245 10 - TITLE STATEMENT | |
| Title | RAEM is my call-sign / |
| Statement of responsibility, etc. | Ernst Krenkel. |
| 260 ## - PUBLICATION, DISTRIBUTION, ETC. (IMPRINT) | |
| Place of publication, distribution, etc. | Moscow : |
| Name of publisher, distributor, etc. | Progress, |
| Date of publication, distribution, etc. | 1978. |
| 300 ## - PHYSICAL DESCRIPTION | |
| Pagination | 364 p., [9] leaves of plates : |
| Illustrations | ill. ; |
| Size | 21 cm. |
| 500 ## - GENERAL NOTE | |
| General note | Translation of Raem--moi pozyvnye. |
| 600 10 - SUBJECT ADDED ENTRY--PERSONAL NAME | |
| Personal name | Krenkel, Ernst, |
| Dates associated with a name | 1903- |
| 650 #0 - SUBJECT ADDED ENTRY--TOPICAL TERM | |
| Topical term or geographic name as entry element | Explorers |
| Geographic subdivision | Soviet Union |
| General subdivision | Biography. |
| 9 (RLIN) | 189673 |
| 651 #0 - SUBJECT ADDED ENTRY--GEOGRAPHIC NAME | |
| Geographic name | Arctic regions |
| General subdivision | Discovery and exploration |
| -- | Soviet Union. |
| 9 (RLIN) | 189674 |
| 942 ## - ADDED ENTRY ELEMENTS (KOHA) | |
| Source of classification or shelving scheme | Dewey Decimal Classification |
| Koha item type | Books |
| Lost status | Source of classification or shelving scheme | Damaged status | Not for loan | Collection code | Permanent Location | Current Location | Shelving location | Date acquired | Source of acquisition | Total Checkouts | Full call number | Date last seen | Copy number | Koha item type |
|---|---|---|---|---|---|---|---|---|---|---|---|---|---|---|
| Dewey Decimal Classification | Not For Loan | Non-fiction | Central Library, University of Rajshahi | Central Library, University of Rajshahi | Reading Room | 20/03/1986 | USSR | 919.804 KRR 1978 | 05/02/2017 | C-1 | Books |